Крупнейшие аварии на энергообъектах: причины и последствия: учебное пособие для изучения немецкого языка; Ein lehrwerk für daf
| Հիմնական հեղինակ: | |
|---|---|
| Համատեղ հեղինակ: | |
| Ամփոփում: | Заглавие с титульного экрана Режим доступа: из корпоративной сети ТПУ |
| Լեզու: | գերմաներեն ռուսերեն |
| Հրապարակվել է: |
Томск, Изд-во ТПУ, 2016
|
| Հրատարակություն: | 2-е изд., испр. и расшир. |
| Խորագրեր: | |
| Առցանց հասանելիություն: | http://www.lib.tpu.ru/fulltext2/m/2016/m082.pdf |
| Ձևաչափ: | Էլեկտրոնային Գիրք |
| KOHA link: | https://koha.lib.tpu.ru/cgi-bin/koha/opac-detail.pl?biblionumber=322261 |
MARC
| LEADER | 00000nlm0a2200000 4500 | ||
|---|---|---|---|
| 001 | 322261 | ||
| 005 | 20250520164343.0 | ||
| 035 | |a (RuTPU)RU\TPU\book\347817 | ||
| 090 | |a 322261 | ||
| 100 | |a 20160922d2016 m y0rusy50 ca | ||
| 101 | 0 | |a ger |a rus | |
| 102 | |a RU | ||
| 105 | |a a j 001zy | ||
| 135 | |a drcn ---uucaa | ||
| 181 | 0 | |a i | |
| 182 | 0 | |a b | |
| 200 | 1 | |a Крупнейшие аварии на энергообъектах: причины и последствия |e учебное пособие для изучения немецкого языка |d Die größten Unfälle anzunehmenden unfälle: Ursachen und Folgen |e Ein lehrwerk für daf |f Ю. В. Кобенко | |
| 203 | |a Текст |c электронный | ||
| 205 | |a 2-е изд., испр. и расшир. | ||
| 210 | |a Томск |c Изд-во ТПУ |d 2016 | ||
| 300 | |a Заглавие с титульного экрана | ||
| 333 | |a Режим доступа: из корпоративной сети ТПУ | ||
| 510 | 1 | |a Die größten Unfälle anzunehmenden unfälle: Ursachen und Folgen |z ger | |
| 606 | 1 | |a Немецкий язык |x Учебные руководства и пособия для вузов |2 stltpush |3 (RuTPU)RU\TPU\subj\45394 |9 64636 | |
| 606 | 1 | |a Немецкий язык |x Для вузов |x Пособия по грамматике |2 stltpush |3 (RuTPU)RU\TPU\subj\45396 |9 64638 | |
| 610 | 1 | |a электронный ресурс | |
| 610 | 1 | |a учебные пособия | |
| 610 | 1 | |a труды учёных ТПУ | |
| 610 | 1 | |a грамматика | |
| 610 | 1 | |a грамматические категории | |
| 610 | 1 | |a грамматические формы | |
| 610 | 1 | |a грамматические упражнения | |
| 610 | 1 | |a немецкий язык | |
| 610 | 1 | |a упражнения | |
| 610 | 1 | |a профессиональный иностранный язык | |
| 686 | |a Ш143.24-923 |2 rubbk | ||
| 686 | |a Ш143.24-923.2 |2 rubbk | ||
| 700 | 1 | |a Кобенко |b Ю. В. |c лингвист |c профессор Томского политехнического университета, доктор филологических наук |f 1977- |g Юрий Викторович |3 (RuTPU)RU\TPU\pers\24747 |9 10988 | |
| 712 | 0 | 2 | |a Национальный исследовательский Томский политехнический университет |c (2009- ) |9 26305 |
| 801 | 1 | |a RU |b 63413507 |c 20160922 | |
| 801 | 2 | |a RU |b 63413507 |c 20161201 |g RCR | |
| 850 | |a 63413507 | ||
| 856 | 4 | |u http://www.lib.tpu.ru/fulltext2/m/2016/m082.pdf | |
| 942 | |c CF | ||